| 000 | 00561cam a22002171 4500 | ||
|---|---|---|---|
| 001 | sa 65001539 | ||
| 003 | DLC | ||
| 005 | 20260227112109.0 | ||
| 008 | 890403s1955 io c 000 0 ind | ||
| 010 | _asa 65001539 | ||
| 035 | _a(OCoLC)23568521 | ||
| 040 |
_aDLC _cMiU _dDLC |
||
| 042 | _apremarc | ||
| 043 | _aa-io--- | ||
| 050 | 0 | 0 |
_aDS644 _b.A685 1955 |
| 100 | 1 |
_aAidit, D. N., _d1923-1965. |
|
| 245 | 1 | 0 | _aMenudju Indonesia baru, |
| 260 |
_aDjakarta, _bJajasan Pembaruan, _c1955. |
||
| 300 |
_a47 p. _bport. _c18 cm. |
||
| 650 | 0 |
_aCommunism _zIndonesia. |
|
| 999 |
_c62092 _d62092 |
||